All Formula 1 podiums 1970–79 - Statistics

General Stats
  • This quiz has been taken 1,699 times
  • The average score is 25 of 45
Answer Stats
Podiums Name Nationality % Correct
39 Niki Lauda Austria
99%
34 Emerson Fittipaldi Brazil
96%
33 Jody Scheckter South Africa
93%
23 James Hunt UK
92%
24 Jackie Stewart UK
91%
18 Mario Andretti USA
91%
29 Carlos Reutemann Argentina
88%
26 Ronnie Peterson Sweden
88%
28 Clay Regazzoni Switzerland
86%
9 Gilles Villeneuve Canada
85%
16 Denny Hulme New Zealand
84%
16 Jacky Ickx Belgium
84%
8 Alan Jones Australia
83%
5 Jochen Rindt Austria
78%
4 Jack Brabham Australia
72%
3 René Arnoux France
71%
3 Pedro Rodríguez Mexico
68%
1 Bruce McLaren New Zealand
67%
14 Jacques Laffite France
65%
13 François Cevert France
62%
2 Didier Pironi France
59%
8 Jochen Mass Germany
59%
8 John Watson UK
56%
19 Patrick Depailler France
56%
1 Jean-Pierre Jabouille France
55%
6 José Carlos Pace Brazil
55%
5 Chris Amon New Zealand
53%
2 Jo Siffert Switzerland
52%
4 Gunnar Nilsson Sweden
50%
8 Peter Revson USA
44%
3 Jean-Pierre Jarier France
40%
4 Jean-Pierre Beltoise France
38%
1 Riccardo Patrese Italy
38%
1 Vittorio Brambilla Italy
35%
1 Peter Gethin UK
29%
2 Tom Pryce UK
27%
2 Hans-Joachim Stuck Germany
24%
2 Mike Hailwood UK
18%
1 Rolf Stommelen Germany
17%
1 Mark Donohue USA
16%
1 Henri Pescarolo France
14%
1 Reine Wisell Sweden
13%
1 Tim Schenken Australia
13%
1 Jackie Oliver UK
11%
1 George Follmer USA
8%
No matching quizzes found
Score Distribution
Percent of People with Each Score
Percentile by Number Answered
Your Score History
You have not taken this quiz